LEADER 02097nam 2200409 450 001 9910734383403321 005 20230715081151.0 010 $a9783968219424 035 $a(CKB)5670000000570066 035 $a(NjHacI)995670000000570066 035 $a(EXLCZ)995670000000570066 100 $a20230715d2019 uy 0 101 0 $ager 135 $aur||||||||||| 181 $ctxt$2rdacontent 182 $cc$2rdamedia 183 $acr$2rdacarrier 200 00$aAntikes Heldentum in der Moderne $eKonzepte, Praktiken /$fStefan Tilg, Anna Novokhatko, (Hrsg.) 210 1$aFreiburg i.Br, Germany :$cRombach Verlag KG,$d2019. 215 $a1 Online Ressource 311 $a3-96821-633-4 330 $aNach diversen Ausrufungen eines Zeitalters des ?Postheroismus? scheint antikes Heldentum doppelt irrelevant geworden zu sein: zum einen wegen der zunehmenden Fragwu?rdigkeit von Heldentum allgemein, zum anderen wegen der historischen Distanz der Antike. Dieser Band zeigt demgegenu?ber die kontinuierliche Relevanz antiken Heldentums aus rezeptionsgeschichtlicher Perspektive, indem er sich auf die Moderne vom 19. Jahrhundert bis zur Gegenwart konzentriert. Die Beitra?ge widmen sich der vielfa?ltigen Aufnahme und Adaption antiken Heldentums in literarischen Verarbeitungen von Nachkriegserfahrungen (napoleonische Kriege, deutscher Kolonialismus, Zweiter Weltkrieg), in totalita?ren politischen Systemen des 20. Jahrhunderts, in der schulischen Vermittlung, in gesellschaftspolitischen Themen wie race und gender sowie in poetologisch-epistemologischen literarischen Entwu?rfen. 606 $aLiterature, Modern 606 $aGreek literature 606 $aInfluence (Literary, artistic, etc.) 615 0$aLiterature, Modern. 615 0$aGreek literature. 615 0$aInfluence (Literary, artistic, etc.) 676 $a488.6421 702 $aTilg$b Stefan 702 $aNovokhatko$b Anna 801 0$bNjHacI 801 1$bNjHacl 906 $aBOOK 912 $a9910734383403321 996 $aAntikes Heldentum in der Moderne$93017736 997 $aUNINA LEADER 01653nas 2200373 n 450 001 990009058440403321 005 20240229084345.0 011 $a0049-1241 035 $a000905844 035 $aFED01000905844 035 $a(Aleph)000905844FED01 035 $a000905844 091 $2CNR$aP 00120261 100 $a20161109a19729999km-y0itaa50------ba 101 0 $aeng 110 $aauu-------- 200 1 $aSociological methods and research 207 1$a1972- 210 $aBeverly Hills - London - New Delhi$cSage Publications 452 0$12001$aSociological methods & research (Online) 517 0 $aSociological methods & research 530 0 $aSociological methods and research 675 $a301 676 $a301/.07/2 801 0$aIT$bACNP$c20090723 859 4 $uhttp://acnp.cib.unibo.it/cgi-ser/start/it/cnr/dc-p1.tcl?catno=67137&person=false&language=ITALIANO&libr=&libr_th=unina1$zBiblioteche che possiedono il periodico 901 $aSE 912 $a990009058440403321 958 $aBiblioteca Centralizzata della Facoltà di Sociologia dell'Università di Napoli "Federico II"$b1990-$e301.072 INGL 2$fBFS 959 $aBFS 996 $aSociological methods and research$9786533 997 $aUNINA AP1 8 $6866-01$aNA078 Biblioteca Centralizzata della Facoltà di Sociologia dell'Università di Napoli "Federico II"$b301.072 INGL 2$evico Monte della Pietà, 1, 80138 Napoli (NA)$m+39 081 2535850/1$m+39 081 2535833$nit AP2 40$aacnp.cib.unibo.it$nACNP Italian Union Catalogue of Serials$uhttp://acnp.cib.unibo.it/cgi-ser/start/it/cnr/df-p.tcl?catno=67137&language=ITALIANO&libr=&person=&B=1&libr_th=unina&proposto=NO